| 000 | 00377nam a2200145Ia 4500 | ||
|---|---|---|---|
| 008 | 240624s9999 xx 000 0 und d | ||
| 041 | _aeng | ||
| 082 | _a658.155 DOR | ||
| 100 | _aDORFMAN MARK | ||
| 245 | _aINTRODUCTION TO RISK MANAGEMENT AND INSU | ||
| 250 | _a(10th ed.) | ||
| 260 |
_c2015 _aNew Delhi _bPearson |
||
| 300 | _axxxi, : 459 : p. : cm. ; 26 | ||
| 365 |
_cRS _b33 |
||
| 999 |
_c24582 _d24582 |
||